Súvaha ako zdroj informácií o finančnej situácii podnikateľskej účtovnej jednotky diplomová práca

Enregistré dans:
Détails bibliographiques
Auteur principal: Poláčková, Alena
Collectivité auteur: Fakulta hospodárskej informatiky EU. Katedra účtovníctva a audítorstva
Autres auteurs: Parajka, Branislav, 1981-
Format: Livre
Langue:slovaque
Publié: Bratislava 2011
Tags: Ajouter un tag
Pas de tags, Soyez le premier à ajouter un tag!

MARC

LEADER 00000nbm a2200000 4500
001 0132298
005 20170315090422.9
041 0 |a slo 
044 |a SK 
245 1 0 |a Súvaha ako zdroj informácií o finančnej situácii podnikateľskej účtovnej jednotky  |b diplomová práca  |c Alena Poláčková ; školiteľ: Branislav Parajka 
264 1 |a Bratislava  |c 2011 
300 |a 65 s. 
100 1 |a Poláčková, Alena 
700 1 |a Parajka, Branislav, 1981- 
710 2 |a Fakulta hospodárskej informatiky EU. Katedra účtovníctva a audítorstva